| 000 | 00560nam a2200181Ia 4500 | ||
|---|---|---|---|
| 003 | GCL | ||
| 008 | 140319s9999 xx 000 0 ara d | ||
| 040 |
_aGCL / _cGCL |
||
| 082 | 0 | 4 |
_a327.2 _bا ت |
| 100 | 1 | _aاسماعيل فهمى | |
| 245 | 1 | 0 |
_aالتفاوض من اجل السلام فى الشرق الاوسط / _cاسماعيل فهمى |
| 260 |
_a[S.N] : _bمكتبة مدبولى ، _c1985 |
||
| 300 | _a488 ص | ||
| 490 | _a | ||
| 650 | 0 | 4 | _aالنزاع العربى الاسرائيلى |
| 650 | 0 | 4 | _aالدبلوماسية |
| 942 |
_2ddc _cBK |
||
| 999 |
_c44728 _d44728 |
||